Central Library OPAC University of Rajshahi

Physics of the earth's interior / (Record no. 72347)

MARC details
000 -LEADER
fixed length control field 00836nam a2200265 a 4500
001 - CONTROL NUMBER
control field 72347
003 - CONTROL NUMBER IDENTIFIER
rucl marc code BD-RjUL
005 - DATE AND TIME OF LATEST TRANSACTION
control field 20211209082241.0
008 - FIXED-LENGTH DATA ELEMENTS--GENERAL INFORMATION
fixed length control field 170516s1959 nyua b 001 0 eng c
035 ## - SYSTEM CONTROL NUMBER
System control number (BD-RjUL)72564
040 ## - CATALOGING SOURCE
Original cataloging agency DLC/ICU
Transcribing agency CGU
Modifying agency BD-RjUL
Language of cataloging eng
041 ## - LANGUAGE CODE
Language code of text/sound track or separate title eng
082 0# - DEWEY DECIMAL CLASSIFICATION NUMBER
Classification number 551.11
Edition number 23
Author mark and year GUP 1959
100 1# - MAIN ENTRY--PERSONAL NAME
Personal name Gutenberg, Beno,
Dates associated with a name 1889-1960
9 (RLIN) 213958
245 10 - TITLE STATEMENT
Title Physics of the earth's interior /
Statement of responsibility, etc. Beno Gutenberg.
260 ## - PUBLICATION, DISTRIBUTION, ETC. (IMPRINT)
Place of publication, distribution, etc. New York, NY :
Name of publisher, distributor, etc. Academic Press,
Date of publication, distribution, etc. 1959.
300 ## - PHYSICAL DESCRIPTION
Pagination xii, 240 p. :
Illustrations ill. ;
Size 24 cm.
490 1# - SERIES STATEMENT
Series statement International geophysics series ;
Volume/sequential designation v. 1.
500 ## - GENERAL NOTE
General note Includes index
650 ## - SUBJECT ADDED ENTRY--TOPICAL TERM
Topical term or geographic name as entry element Interior of the earth
9 (RLIN) 213959
651 #0 - SUBJECT ADDED ENTRY--GEOGRAPHIC NAME
Geographic name Earth (Planet)
General subdivision Internal structure.
9 (RLIN) 213960
830 #0 - SERIES ADDED ENTRY--UNIFORM TITLE
Uniform title International geophysics series ;
Volume number/sequential designation v. 1.
942 ## - ADDED ENTRY ELEMENTS (KOHA)
Source of classification or shelving scheme Dewey Decimal Classification
Koha item type Books
Holdings
Lost status Source of classification or shelving scheme Damaged status Not for loan Collection code Permanent Location Current Location Shelving location Date acquired Source of acquisition Cost, normal purchase price Total Checkouts Full call number Date last seen Copy number Koha item type
  Dewey Decimal Classification   Not For Loan Non-fiction Central Library, University of Rajshahi Central Library, University of Rajshahi Reading Room 01/06/1964 Zeitlinger 68.00   551.11 GUP 1959 16/05/2017 C-1 Books